00613nam a2200157 a 450000100100000000500170001000800410002702000230006804000250009110000430011624501240015926000330028330000170031695201050033399900170043800004407220201002045129.0140515s1874 mx 000 0 spa d a9700710149 (v. II) aDO-SdBNPbspacBNPHU1 aDíaz de León, Marco Antonio97206410aDiccionario de derecho procesal penal :by de términos usuales en el proceso penal /cMarco Antonio Díaz de León. aMéxico :bPorrúa,c1874. av. ;c24 cm. 001050718MOaGRbGRcCTd2014-05-15iLF1l0o p44072-10r2020-06-25w2020-06-25y1ZNo se presta c43561d43561